000
00350 a2200169 4500
001
186680
020
_a
85-16-01621-8
040
_c
Magnum
100
_a
Porto, Cristina
240
1
0
_a
Macaco malaquias
_l
por
245
1
0
_a
Macaco malaquias
300
_a
32
362
0
_a
1997
440
1
_a
Moderna
697
_a
LITERATURA INFANTO
942
_c
BK
999
_c
186680
_d
186680